| 000 | 02053nam a2200409 c 4500 | ||
|---|---|---|---|
| 003 | BLK | ||
| 005 | 20220608031504.0 | ||
| 008 | 180408b bul|||||r ||||||| ||bul|| | ||
| 010 | _aKNG00070760000 | ||
| 020 |
_a978-954-90833-7-8 _bиздат.: Глория Палас |
||
| 040 | _aBLK | ||
| 041 |
_aBUL _cBUL |
||
| 080 |
_aРегионална география _b913 _x(035) _z913(035) |
||
| 080 |
_aСоциография. Социално положение. Условия на политическия и социалния живот. Социално и социално-икономическо положение на отделните страни, народи, раси. Социална география. (Общи въпроси) _b308 _x(100)(035) _z308(100)(035) |
||
| 100 | 1 |
_aЛуканов, Ангел Георгиев _eпърви автор _9261051 |
|
| 700 | 1 |
_aБожинов, Николай Александров _eсъавт. _9261052 |
|
| 700 | 1 |
_aДимитров, Стефан Михайлов _eсъавт. _9261053 |
|
| 139 |
_aЛуканов, Ангел Георгиев и др. _bЛ 86 |
||
| 245 | 1 | 0 |
_aСтраните в света 2006 - 2007 _bСправочник _cАнгел Георгиев Луканов; съавт. Николай Александров Божинов; съавт. Стефан Михайлов Димитров. |
| 250 | _a6. прераб. и доп. изд. | ||
| 257 | _aBGR | ||
| 260 |
_аСофия _bГлория Палас _c2007 _fСофия : Образование и наука |
||
| 300 |
_a520 с. _bс ил., к. _c23 см |
||
| 380 | _a91 | ||
| 500 | _aОфс. изд. - Азб. показалец. | ||
| 650 | 4 |
_aСвят - география _9242274 |
|
| 650 | 4 |
_aСтранознание _9172507 |
|
| 651 | 4 |
_aСвят _9179507 |
|
| 653 | _aстранознание | ||
| 653 | _aдържави | ||
| 653 | _aсправочници | ||
| 852 | _aЦб 230862 | ||
| 856 | 4 |
_qpdf _u |
|
| 856 | 4 |
_qpdf _u |
|
| 942 |
_cKNG _n0 _01 |
||
| 944 |
_aCR _c24.01.2007 _kНаталия_Медовщикова |
||
| 944 |
_aED _c05.02.2009 _k |
||
| 999 |
_c66463 _d66463 |
||